| 000 | 01008nam a22002057a 4500 | ||
|---|---|---|---|
| 999 |
_c3103 _d3103 |
||
| 003 | AR-CdUCM | ||
| 008 | 190305b ||||| |||| 00| 0 spa d | ||
| 040 |
_aMUNICIPALIDAD PROVINCIAL DEL CUSCO _cBIBLIOTECA MUNICIPAL DEL CUSCO |
||
| 082 |
_a343.6 / _bG216 |
||
| 100 |
_aGarcía-Sayán, Diego _910495 |
||
| 245 |
_aEl caso Marcona : _banálisis histórico-jurídico de los contratos / |
||
| 260 |
_aLima : _bDESCO, Centro de Estudios y Promoción del Desarrollo, Perúgraf Editores, _c1975. |
||
| 300 |
_a196 paginas ; _c20 cm. |
||
| 505 | _aHistoria de los yacimientos -- La oligarquía agro-minera -exportadora -- Algunos elementos sobre la naturaleza jurídica de los contratos -- Contrato de 7 de febrero de 1952 celebrado entre la corporación peruana del santa y la utah construction company -- Marco político... | ||
| 650 |
_aContratos administrativos _910496 |
||
| 650 |
_aMinas y recursos minerales _97125 |
||
| 650 |
_aLa minería y el Estado _910497 |
||
| 942 |
_2ddc _cLIBROS |
||
| 945 | _awnts | ||